| 000 | 00000nam##2200000za#4500 |
| 001 | 9.581169 |
| 003 | CaOODSP |
| 005 | 20210624191405 |
| 007 | cr ||||||||||| |
| 008 | 150406|2004||||xxc|||||o f|0| 0 eng|d |
| 040 | |aCaOODSP|beng |
| 043 | |an-cn--- |
| 086 | 1 |aNH18-22/104-117E-PDF |
| 110 | 2 |aCanada Mortgage and Housing Corporation. |
| 245 | 10|aAnalysis of ventilation system performance in new Ontario houses |h[electronic resource] |
| 260 | |aOttawa - Ontario : |bCanada Mortgage and Housing Corporation |cc2004. |
| 300 | |a4p.|bfig., table |
| 490 | 1 |aResearch highlight. Technical series |v04-117 |
| 500 | |aFile reproduced from original print. |
| 590 | |a14-20-Supp|b2014-11-25 |
| 775 | 08|tAnalyse de la performance des installations de ventilation de maisons neuves en Ontario |w(CaOODSP)9.608017 |
| 776 | 0#|tAnalysis of ventilation system performance in new Ontario houses |w(CaOODSP)9.617088 |
| 830 | #0|aResearch highlight. Technical series ;|v04-117|w(CaOODSP)9.504482 |
| 856 | 40|ahttp://publications.gc.ca|qPDF|s326 KB|uhttps://publications.gc.ca/collections/collection_2014/schl-cmhc/NH18-22-104-117-eng.pdf|y04-117 |